Súčasný stav a perspektívny rozvoj výroby náterových látok v n. p. Chemolak Smolenice

Bibliographic Details
Main Author: Piskla, Štefan (Author)
Format: Article
Language:Slovak
Subjects:

MARC

LEADER 00000nab a2200000 a 4500
001 vtls000199662
003 SK-MaSNL
005 20260302201320.0
008 111103c1984 xo 0 slo
015 |a SNBRA19rr/mm-uuuuu 
035 |a CL0209775 
040 |a SNKBUCL  |b slo  |c SNKBUCL  |e AACR2 
041 0 |a slo 
044 |a xo  |c SK 
080 |a 667.63  |2 1981 
100 1 |a Piskla, Štefan  |4 aut  |9 921440 
245 1 0 |a Súčasný stav a perspektívny rozvoj výroby náterových látok v n. p. Chemolak Smolenice  |c Štefan Piskla 
650 0 7 |a Chemolak, n. p., Smolenice  |2 snkbucl  |9 921441 
650 0 7 |a látky náterové  |2 snkbucl  |9 921430 
651 7 |a 5211  |2 snkbucl  |9 283191 
655 7 |a články zo zborníkov  |2 snkbucl  |9 166140 
773 0 |t O organických povlakoch. 23. konferencia  |d Bratislava : Dom techniky ČSVTS, 1984 
850 |a Slovenská národná knižnica v Martine  |a MTA001 
852 |a SNK  |b KIS3GCP 
958 |a RK 
992 |a RZB 
999 |c 1460411  |d 1462341